| 000 | 00341nam a22001337a 4500 | ||
|---|---|---|---|
| 008 | 181001b xxu||||| |||| 00| 0 eng d | ||
| 020 | _a9780814251799 | ||
| 041 | _aeng | ||
| 080 | _a370 | ||
| 100 | _a48 | ||
| 101 | _aEDU | ||
| 245 |
_aLanguage Files Materials Introduction To Language And Linguistics _cWadrana.M |
||
| 942 |
_2udc _cBK |
||
| 999 |
_c48725 _d48725 |
||